[Event "AUTO-INT-1346"]
[Site "http://www.queenalice.com/game.php?id=604473"]
[Date "2009.6.16"]
[Round "1"]
[White "rafajeff"]
[Black "manasses"]
[Result "0-1"]
[WhiteElo "1640"]
[BlackElo "1460"]

1. c4 e5 2. a3 Nf6 3. d4 exd4 4. Qxd4 b6 5. b4 Nc6 6. Qe3+ Be7 7. Nc3 O-O 8. Nd5
Re8 9. Qg3 Nxd5 10. cxd5 Bh4 11. Qc3 Bf6 12. Qd3 Bxa1 13. dxc6 dxc6 14. Qxd8
Rxd8 15. Bf4 Bc3+ 16. Bd2 Bxd2+ 17. Kd1 Bf5 18. e4 Bxe4 19. f3 Bxb4+ 20. Ke2
Bd3+ 21. Kf2 Bc5+ 22. Kg3 Bxf1 23. Nh3 Bc4 24. Rc1 Bd5 25. Nf2 Rd6 0-1

[Event "AUTO-OPEN-1617"]
[Site "http://www.queenalice.com/game.php?id=617066"]
[Date "2009.7.11"]
[Round "1"]
[White "alexsoncini"]
[Black "rafajeff"]
[Result "1-0"]
[WhiteElo "2120"]
[BlackElo "1658"]

1. d4 d5 2. e3 a6 3. Bd3 g6 4. f4 h5 5. Nd2 Bf5 6. Ngf3 Bg4 7. O-O Bxf3 8. Qxf3
c6 9. c3 Nd7 10. e4 e6 11. exd5 cxd5 12. Qg3 Ndf6 13. Nf3 Ne7 14. Ne5 h4 15. Qh3
Qc8 16. g4 Nc6 17. f5 gxf5 18. gxf5 Bg7 19. fxe6 fxe6 20. Bg5 Rg8 21. Bg6+ Ke7
22. Ng4 e5 23. Qxh4 Qe6 24. dxe5 Nxe5 25. Nxe5 Raf8 26. Qb4+ Kd8 27. Ng4 Qxg4+
28. Qxg4 Kc7 29. Qf4+ Kc8 30. Bxf6 Bxf6 31. Qf5+ Kb8 32. Qxf6 Rxf6 33. Rxf6 Ka7
34. h4 Rc8 35. h5 Rc4 36. Kg2 Rg4+ 37. Kf3 Rg5 38. h6 Re5 39. h7 d4 40. h8=Q
dxc3 41. bxc3 Re7 42. Be4 Re5 43. Rxa6+ Kxa6 44. Qxe5 Kb6 45. Rb1+ Ka7 46. Rxb7+
1-0

[Event "AUTO-OPEN-1617"]
[Site "http://www.queenalice.com/game.php?id=617067"]
[Date "2009.7.11"]
[Round "1"]
[White "rafajeff"]
[Black "alexsoncini"]
[Result "1-0"]
[WhiteElo "1641"]
[BlackElo "1838"]

1. d4 e6 2. h4 c5 3. Bf4 Qb6 4. a4 cxd4 5. a5 Qxb2 6. Nd2 Bb4 7. Rb1 Bxd2+ 8.
Bxd2 Qa2 9. Ra1 Qd5 10. Ra4 Nc6 11. c4 dxc3 12. Bxc3 Qxd1+ 13. Kxd1 Nf6 14. Rh3
Ne7 15. e3 d5 16. f3 Bd7 17. Rb4 Bc6 18. Be5 a6 19. Bd6 Kd7 20. Bc5 Nc8 21. g4
Kc7 22. Ne2 Nd7 23. Bb6+ Ncxb6 24. axb6+ Nxb6 25. Nd4 e5 26. Nf5 g6 27. Ng3 d4
28. e4 a5 29. Rb1 Na4 30. Bd3 Nc3+ 31. Kc1 Nxb1 32. Bxb1 a4 33. Kb2 a3+ 34. Ka1
b5 35. Nf1 b4 36. Nd2 Rhb8 37. Ba2 f6 38. Rh1 Ba4 39. Rc1+ Kd7 40. h5 b3 41. Nc4
bxa2 42. Nxa3 Rb3 43. Nc4 Rb1+ 44. Rxb1 axb1=Q+ 45. Kxb1 Ke6 46. Kb2 Bd1 47. Nd2
Rc8 48. Nb1 Rb8+ 49. Kc1 Rxb1+ 50. Kxb1 Bxf3 51. hxg6 1-0

[Event "AUTO-OPEN-1617"]
[Site "http://www.queenalice.com/game.php?id=617090"]
[Date "2009.7.11"]
[Round "1"]
[White "rafajeff"]
[Black "henriq19"]
[Result "0-1"]
[WhiteElo "1645"]
[BlackElo "1300"]

1. d4 d5 2. h3 Nf6 3. f3 Nc6 4. e3 e5 5. Bb5 Bd7 6. dxe5 Nxe5 7. a4 c6 8. Be2
Be7 9. h4 Qb6 10. a5 Qc7 11. f4 Nc4 12. Bxc4 dxc4 13. c3 O-O-O 14. Nd2 a6 15. b4
cxb3 16. Qxb3 Be6 17. Qa4 Rd7 18. Rb1 Nd5 19. Ne2 Bg4 20. Nc4 Bxe2 21. Nb6+ Kb8
22. Bd2 Nxb6 23. axb6 Qd6 24. Rb2 Bb5 25. Qd4 Qe6 26. Qxg7 Bf6 27. Qg3 Qd5 28.
f5+ Be5 29. Qg4 Qd3 30. Kf2 h5 31. Qf3 Qc4 32. e4 Rd3 33. Rb4 Rxf3+ 34. Kxf3
Qe2# 0-1

[Event "AUTO-OPEN-1617"]
[Site "http://www.queenalice.com/game.php?id=617091"]
[Date "2009.7.11"]
[Round "1"]
[White "henriq19"]
[Black "rafajeff"]
[Result "1-0"]
[WhiteElo "1597"]
[BlackElo "1678"]

1. e4 e5 2. Nf3 d6 3. Bc4 Be6 4. Bxe6 fxe6 5. O-O Nc6 6. Nc3 g5 7. d4 Bg7 8.
dxe5 Bxe5 9. Bxg5 Bf6 10. Bf4 h5 11. h3 e5 12. Bh2 Qe7 13. a3 Nd4 14. Nd5 Qh7
15. Re1 c6 16. Nxf6+ Nxf6 17. Nxd4 Rg8 18. Nf5 Qg6 19. Nh4 Qg5 20. Bg3 O-O-O 21.
b4 d5 22. exd5 Rxd5 23. Qf3 e4 24. Qe3 Qxe3 25. Rxe3 b5 26. Rc1 Rgd8 27. Rc3 Kb7
28. Ng6 Rd1+ 29. Rxd1 Rxd1+ 30. Kh2 Nd5 31. Rc5 e3 32. fxe3 Nxe3 33. Bh4 Nf1+
34. Kg1 Ng3+ 35. Kf2 Ne4+ 36. Ke2 Rd6 37. Nf4 Nxc5 38. bxc5 Rd4 39. Bg5 Rc4 40.
Kd3 Ra4 41. Nxh5 Rxa3+ 42. c3 b4 43. Bd2 Ka6 44. Kc2 Ra2+ 45. Kc1 b3 46. c4 Rc2+
47. Kd1 Rxc4 48. Nf6 Rxc5 49. Ne4 Rc4 50. Nc3 Rd4 51. Kc1 c5 52. Nb1 c4 53. Bc3
Rf4 54. g4 Kb5 55. Bd2 Rf2 56. h4 a5 57. Na3+ Ka4 58. Nxc4 Rf1+ 59. Kb2 Rh1 60.
h5 Rf1 61. Nxa5 Rf3 62. h6 Rf2 63. Nxb3 Rf8 64. g5 Rb8 65. h7 Rxb3+ 66. Kc2 Rb8
67. Bc3 Ka3 68. h8=Q Rxh8 69. Bxh8 Kb4 70. g6 Kc5 71. g7 Kd5 72. g8=Q+ Ke4 73.
Qg5 Kf3 74. Kd2 Ke4 75. Qe5+ 1-0

[Event "AUTO-OPEN-1617"]
[Site "http://www.queenalice.com/game.php?id=617092"]
[Date "2009.7.11"]
[Round "1"]
[White "rafajeff"]
[Black "rodrigohuii"]
[Result "1-0"]
[WhiteElo "1713"]
[BlackElo "1581"]

1. e4 e5 2. Bc4 Nf6 3. Nf3 d6 4. Ng5 Be6 5. Qe2 Be7 6. Nc3 O-O 7. Qd3 Bxc4 8.
Qxc4 Nxe4 9. Nb5 d5 10. Qxc7 Na6 11. Qxb7 Nac5 12. Qc7 Bxg5 13. f3 Qxc7 14. Nxc7
Rac8 15. Nxd5 Nd6 16. h4 Bf6 17. Rb1 Nf5 18. g3 Nxg3 19. Rh3 Rcd8 20. c4 Nd3+
21. Kd1 Nf2+ 22. Kc2 Nxh3 23. d3 Nf4 24. Bxf4 exf4 25. Nxf4 g5 26. hxg5 Bxg5 27.
Nd5 Ne2 28. Rd1 Nd4+ 29. Kb1 Rfe8 30. Nc7 Re3 31. Rg1 h6 32. Nd5 Rxf3 33. a3 Ne2
34. Rg4 Rg3 35. Re4 Nc1 36. Nf6+ Bxf6 37. Kxc1 1-0

[Event "AUTO-OPEN-1617"]
[Site "http://www.queenalice.com/game.php?id=617093"]
[Date "2009.7.11"]
[Round "1"]
[White "rodrigohuii"]
[Black "rafajeff"]
[Result "0-1"]
[WhiteElo "1593"]
[BlackElo "1701"]

1. e4 e5 2. Nf3 Qf6 3. d3 Bb4+ 4. Nc3 Bxc3+ 5. bxc3 h6 6. Ba3 d6 7. h3 h5 8. d4
Nc6 9. Bb5 Bd7 10. O-O Qg6 11. Bxc6 Bxc6 12. d5 Bd7 13. Nh4 Qg5 14. Nf3 Qg6 15.
Qd2 Bxh3 16. Nh4 Qg4 17. Qe3 g5 18. Qxh3 Qxh3 19. gxh3 gxh4 20. Kh2 Nf6 21. f4
Nxe4 22. fxe5 Ng3 23. Rf4 dxe5 24. Rxh4 Nf5 25. Re4 f6 26. Rf1 Nd6 27. Bxd6 cxd6
28. Rxf6 O-O-O 29. Rh4 Kc7 30. Rf5 Rhf8 31. Rxf8 Rxf8 32. Rxh5 Rf2+ 33. Kg3 Rxc2
34. Rh7+ Kb6 35. Kg4 Rxc3 36. h4 e4 37. Rd7 e3 0-1

[Event "AUTO-INT-1450"]
[Site "http://www.queenalice.com/game.php?id=653627"]
[Date "2009.9.17"]
[Round "1"]
[White "mp3"]
[Black "rafajeff"]
[Result "0-1"]
[WhiteElo "1565"]
[BlackElo "1682"]

1. d4 Nf6 2. e3 e5 3. dxe5 Ne4 4. Bd3 Nc5 5. Nf3 d6 6. exd6 Qxd6 7. c4 Nxd3+ 8.
Kf1 Bg4 9. Nc3 Bxf3 10. Qxf3 c6 11. Ne4 Qb4 12. Nd2 Nxc1 13. Rxc1 Qxd2 14. Qe4+
Be7 15. Qc2 Qxc2 16. Rxc2 Na6 17. b3 Nb4 18. Rb2 Bf6 19. Re2 O-O-O 20. g3 Nd3
21. Kg2 Rhe8 22. a4 Bd4 23. Rf1 Bc3 24. f4 Bb2 25. Rb1 f5 26. h4 Re4 27. Kf3 h5
28. Rexb2 Nxb2 29. Rxb2 c5 30. Rc2 a5 31. Rc3 Rd2 32. Rc1 Rd3 33. Re1 Rd2 34.
Rb1 Rd3 35. Re1 Rxb3 36. Kf2 Rc3 37. Kf3 Rcxc4 38. Ra1 Kc7 39. Ra3 Kc6 40. Kf2
Kb6 41. Kf3 Rb4 42. Ke2 g6 43. Kf2 Kc6 44. Kf3 c4 45. Ke2 Kc5 46. Kd2 Rb3 47.
Rxb3 cxb3 48. Kc1 Rxe3 49. Kb2 Rxg3 0-1

[Event "AUTO-INT-1450"]
[Site "http://www.queenalice.com/game.php?id=653628"]
[Date "2009.9.17"]
[Round "1"]
[White "rafajeff"]
[Black "mp3"]
[Result "1-0"]
[WhiteElo "1667"]
[BlackElo "1539"]

1. d4 d5 2. Nc3 e6 3. h4 Nf6 4. Bg5 Be7 5. Nf3 h6 6. Bxf6 Bxf6 7. e4 dxe4 8. Nh2
Bxd4 9. Qd2 Bxc3 10. Qxc3 O-O 11. Rd1 Nd7 12. Ng4 f5 13. Ne5 c6 14. Bc4 Qxh4 15.
Rxh4 b5 16. Bxe6+ Kh8 17. Ng6+ 1-0

[Event "AUTO-INT-1450"]
[Site "http://www.queenalice.com/game.php?id=653641"]
[Date "2009.9.17"]
[Round "1"]
[White "Yukontodd"]
[Black "rafajeff"]
[Result "0-1"]
[WhiteElo "1536"]
[BlackElo "1656"]

1. e4 e5 2. Nf3 d6 3. Nc3 c6 4. Be2 Bg4 5. b3 b5 6. Bb2 Bxf3 7. Bxf3 Nf6 8. O-O
Nbd7 9. d4 exd4 10. Qxd4 c5 11. Qe3 Be7 12. e5 Nxe5 13. Nxb5 Rb8 14. Nxa7 O-O
15. Bxe5 Rb6 16. Nc6 Qd7 17. Nxe7+ Qxe7 18. Bxf6 Qxf6 19. Rab1 Rbb8 20. c3 Rfe8
21. Qd3 g6 22. a4 Re5 23. b4 Rd8 24. b5 d5 25. c4 dxc4 26. Qxc4 Rd4 27. Qxd4
cxd4 28. a5 Qd8 29. a6 Qb6 30. Rfc1 Rxb5 31. a7 Rxb1 32. a8=Q+ Kg7 0-1

[Event "AUTO-INT-1450"]
[Site "http://www.queenalice.com/game.php?id=653649"]
[Date "2009.9.17"]
[Round "1"]
[White "Kuroi"]
[Black "rafajeff"]
[Result "0-1"]
[WhiteElo "1756"]
[BlackElo "1678"]

1. e4 e5 2. Nf3 d6 3. Nc3 c6 4. Bc4 b5 5. Bd3 g5 6. g4 Bxg4 7. h3 Bxf3 8. Qxf3
Nf6 9. Be2 h5 10. d3 Bg7 11. Bxg5 Nbd7 12. O-O-O Qe7 13. Rhg1 O-O-O 14. Qe3 Nb6
15. Bf3 Qe6 16. h4 Kb7 17. Bxf6 Qxf6 18. Rh1 Bh6 19. Qxh6 Rxh6 20. Rh3 Rg8 21.
Ne2 Qe6 22. Rg3 Rgg6 23. Rxg6 Rxg6 24. b3 a5 25. Bxh5 Rg7 26. f3 Rg2 27. f4 f5
28. Bf3 Rf2 29. Bh5 exf4 30. Nd4 Qh6 31. Bf3 Qxh4 32. Nxf5 Qh3 33. Nxd6+ Ka6 34.
Bh1 f3 35. Nf7 Rf1 36. e5 Qxh1 37. Rxf1 Qxf1+ 38. Kb2 Qe1 39. d4 Nd5 40. Ng5 f2
0-1

[Event "AUTO-INT-1450"]
[Site "http://www.queenalice.com/game.php?id=653650"]
[Date "2009.9.17"]
[Round "1"]
[White "rafajeff"]
[Black "Kuroi"]
[Result "1-0"]
[WhiteElo "1697"]
[BlackElo "1737"]

1. d4 d5 2. a3 Nc6 3. Be3 Nf6 4. c3 Bf5 5. f3 e6 6. h4 Nh5 7. g4 Ng3 8. Rh3 Nxf1
9. Kxf1 Bxb1 10. Qxb1 Be7 11. g5 g6 12. f4 Qd6 13. Nf3 O-O-O 14. b4 Nb8 15. Ne5
Rhf8 16. h5 Nd7 17. hxg6 hxg6 18. Rh7 Nb6 19. Nxf7 Rxf7 20. Qxg6 Nc4 21. Rxf7
Nxe3+ 22. Kf2 Nf5 23. e3 Nh4 24. Qh5 Nf5 25. Qh7 Kd7 26. Rf6 Qc6 27. Rc1 Nd6 28.
Rg6 Ne4+ 29. Kg2 Qc4 30. Qh5 Nxc3 31. Qg4 Qa2+ 32. Kh3 c6 33. Qxe6+ Kc7 34. Rxc3
Rd7 35. Rxc6+ bxc6 36. Qxc6+ Kb8 37. Qxd7 1-0

[Event "QA-ANNIV-05"]
[Site "http://www.queenalice.com/game.php?id=654297"]
[Date "2009.9.18"]
[Round "2"]
[White "Chemiker"]
[Black "rafajeff"]
[Result "0-1"]
[WhiteElo "1607"]
[BlackElo "1688"]

1. e4 e5 2. Nc3 Qf6 3. Nd5 Qd6 4. Bc4 a6 5. Qf3 Nf6 6. d3 h6 7. Ne2 b5 8. Bb3
Nc6 9. a4 bxa4 10. Bxa4 Nd4 11. Nxd4 Be7 12. Nxf6+ Bxf6 13. Nf5 Qc5 14. Be3 Qb4+
15. Bd2 Qxb2 16. O-O Rb8 17. Bc1 Qxa1 18. Bxd7+ Bxd7 19. Nxh6 Rb1 20. g4 Rxh6
21. Bxh6 Rxf1+ 22. Kg2 Rg1+ 23. Kh3 Bxg4+ 24. Qxg4 Rxg4 25. Kxg4 Qd1+ 26. Kf5
Qf3+ 0-1

[Event "Challenge"]
[Site "http://www.queenalice.com/game.php?id=655906"]
[Date "2009.9.21"]
[Round "-"]
[White "spectro"]
[Black "rafajeff"]
[Result "1-0"]
[WhiteElo "1778"]
[BlackElo "1701"]

1. e4 e5 2. Qf3 Qf6 3. d3 Bc5 4. h4 h5 5. a3 Bd4 6. c3 Nc6 7. cxd4 Nxd4 8. Qxf6
gxf6 9. Ra2 Nh6 10. b4 b5 11. Be3 Nb3 12. Bxh6 Rxh6 13. Nc3 Ba6 14. Nd5 O-O-O
15. Rc2 c6 16. Rh3 Nd4 17. Rc5 Kb7 18. Rg3 d6 19. Rc3 cxd5 20. Rg7 Rd7 21. g3
Kb6 22. f4 exf4 23. gxf4 Re7 24. Bg2 Bc8 25. Rxc8 Nb3 26. Rb8+ Kc7 27. Rgg8 Kd7
28. Rb7+ Ke6 29. f5+ Ke5 30. Rxe7+ Kd4 31. Nf3+ 1-0

[Event "Challenge"]
[Site "http://www.queenalice.com/game.php?id=655907"]
[Date "2009.9.21"]
[Round "-"]
[White "rafajeff"]
[Black "spectro"]
[Result "0-1"]
[WhiteElo "1715"]
[BlackElo "1772"]

1. d4 d5 2. Bf4 Nf6 3. Qd3 Ne4 4. Be3 g6 5. f3 Nd6 6. g4 f5 7. g5 Nc4 8. b3 Nb6
9. Nc3 a6 10. f4 Nc6 11. a4 Nb4 12. Qd2 Bg7 13. Bg2 e6 14. h4 h5 15. a5 Nd7 16.
Ra4 Qe7 17. Rh3 b6 18. axb6 Nxb6 19. Bf2 Nxa4 20. bxa4 a5 21. Nb5 Ra6 22. Qc3
Rc6 23. Qb2 Rxc2 24. Qb3 Ba6 25. Re3 Bxb5 26. Bxd5 Bd7 0-1

[Event "Challenge"]
[Site "http://www.queenalice.com/game.php?id=664302"]
[Date "2009.10.7"]
[Round "-"]
[White "paulofreitas"]
[Black "rafajeff"]
[Result "1-0"]
[WhiteElo "1575"]
[BlackElo "1724"]

1. e4 e5 2. Nf3 d6 3. d4 Bg4 4. dxe5 a6 5. Be2 Bxf3 6. Bxf3 Nc6 7. exd6 Bxd6 8.
Nc3 Nf6 9. O-O O-O 10. Be3 Nb4 11. Nd5 a5 12. Nxf6+ gxf6 13. Bh5 Qe8 14. Qg4+
Kh8 15. Bh6 Rg8 16. Qf5 Qe7 17. c3 Nd3 18. Rfd1 Ne5 19. Re1 Bc5 20. Rad1 b6 21.
Re2 Rad8 22. Red2 Rxd2 23. Rxd2 Ng6 24. Rd7 Nh4 25. Qd5 Rxg2+ 26. Kf1 Qe5 27.
Rd8+ Rg8 28. Qxf7 1-0

[Event "Challenge"]
[Site "http://www.queenalice.com/game.php?id=664303"]
[Date "2009.10.7"]
[Round "-"]
[White "rafajeff"]
[Black "paulofreitas"]
[Result "0-1"]
[WhiteElo "1702"]
[BlackElo "1608"]

1. d4 d5 2. Nc3 Nc6 3. Bf4 e6 4. Nb5 Bd6 5. e3 Bxf4 6. exf4 a6 7. Nc3 Nf6 8. f3
O-O 9. Nh3 Bd7 10. Na4 b5 11. Nc5 Bc8 12. b3 Re8 13. Qd3 b4 14. c4 dxc4 15. Qxc4
Nxd4 16. Bd3 e5 17. O-O-O Nd5 18. g4 Ne3 19. Be4 Nxc4 20. bxc4 Rb8 21. Rd3 Qe7
22. Nb3 Nxb3+ 23. axb3 exf4 24. Nxf4 Qe5 25. Bc6 Qxf4+ 26. Kd1 Bb7 27. Bxe8 Rxe8
28. Re1 Rxe1+ 29. Kc2 Qxh2+ 30. Rd2 Re2 31. Rxe2 Qxe2+ 32. Kc1 Bxf3 33. c5 Bxg4
34. c6 Qe3+ 35. Kb2 Qd2+ 36. Ka1 a5 37. Kb1 a4 38. bxa4 Bf5+ 39. Ka1 Qc3+ 40.
Ka2 Qa3# 0-1